Statistics for Hardest Animal Quiz

Click here to take the quiz!

General Stats

  • This quiz has been taken 3 times
  • The average score is 2 of 27

Answer Stats

animals% Correct
orca
100%
cat
50%
dog
50%
bat
0%
bear
0%
bison
0%
camel
0%
cow
0%
deer
0%
dolphin
0%
fish
0%
fox
0%
hippo
0%
horse
0%
koala
0%
meerkat
0%
mole
0%
monkey
0%
mouse
0%
numbat
0%
otter
0%
owl
0%
panda
0%
turtle
0%
whale
0%
wolf
0%
wombat
0%

Score Distribution

Percentile by Number Answered

Percent of People with Each Score

Your Score History

You have not taken this quiz